000 00740nas a2200241 4500
001 BR0704457
003 BR-BrBNA
005 20231205111117.0
007 ta
008 230509b bl.|||p| |||| 00| 00por d
040 _aBR-BrBNA
_bpor
_cBiblioteca Nacional de Agricultura
041 _a(Pt)
072 _aQ02
100 1 _aMonks, L.F.
100 1 _aCosta, C.S. da
100 1 _aSoares, G.J.D.
245 1 _aEfeito de microondas na secagem do trigo ( T. aestivum, L.)e na qualidade reológica da farinha
650 _aSECAGEM
650 _aFARINHA DE TRIGO
773 0 _tAlimentos e Nutrição (Brazil)
_xISSN 0103-4235
_g(2003), v. 14(2) p. 219-224
_wBR0704457
909 _a202311
_bLúcia
_c55
_dLúcia Elande
942 _2AGRIS
_n0
_cANA
999 _c190718
_d190718